<?xml version="1.0" encoding="UTF-8"?><?xml-stylesheet type="text/xsl" href="static/style.xsl"?><OAI-PMH xmlns="http://www.openarchives.org/OAI/2.0/" xmlns:xsi="http://www.w3.org/2001/XMLSchema-instance" xsi:schemaLocation="http://www.openarchives.org/OAI/2.0/ http://www.openarchives.org/OAI/2.0/OAI-PMH.xsd"><responseDate>2026-04-30T16:08:50Z</responseDate><request verb="GetRecord" identifier="oai:riubu.ubu.es:10259/5659" metadataPrefix="marc">https://riubu.ubu.es/oai/request</request><GetRecord><record><header><identifier>oai:riubu.ubu.es:10259/5659</identifier><datestamp>2021-11-02T12:04:44Z</datestamp><setSpec>com_10259_4201</setSpec><setSpec>com_10259_5086</setSpec><setSpec>com_10259_2604</setSpec><setSpec>col_10259_4505</setSpec></header><metadata><record xmlns="http://www.loc.gov/MARC21/slim" xmlns:doc="http://www.lyncode.com/xoai" xmlns:xsi="http://www.w3.org/2001/XMLSchema-instance" xmlns:dcterms="http://purl.org/dc/terms/" xsi:schemaLocation="http://www.loc.gov/MARC21/slim http://www.loc.gov/standards/marcxml/schema/MARC21slim.xsd">
<leader>00925njm 22002777a 4500</leader>
<datafield tag="042" ind1=" " ind2=" ">
<subfield code="a">dc</subfield>
</datafield>
<datafield tag="720" ind1=" " ind2=" ">
<subfield code="a">Cuesta Segura, Isidoro Iván</subfield>
<subfield code="e">author</subfield>
</datafield>
<datafield tag="720" ind1=" " ind2=" ">
<subfield code="a">Martínez Pañeda, Emilio</subfield>
<subfield code="e">author</subfield>
</datafield>
<datafield tag="720" ind1=" " ind2=" ">
<subfield code="a">Díaz Portugal, Andrés</subfield>
<subfield code="e">author</subfield>
</datafield>
<datafield tag="720" ind1=" " ind2=" ">
<subfield code="a">Alegre Calderón, Jesús Manuel</subfield>
<subfield code="e">author</subfield>
</datafield>
<datafield tag="260" ind1=" " ind2=" ">
<subfield code="c">2019-08</subfield>
</datafield>
<datafield tag="520" ind1=" " ind2=" ">
<subfield code="a">Additive manufacturing is becoming a technique with great prospects for the production of&#xd;
components with new designs or shapes that are difficult to obtain by conventional manufacturing&#xd;
methods. One of the most promising techniques for printing metallic components is binder jetting,&#xd;
due to its time efficiency and its ability to generate complex parts. In this process, a liquid binding&#xd;
agent is selectively deposited to adhere the powder particles of the printing material. Once the metallic&#xd;
piece is generated, it undergoes a subsequent process of curing and sintering to increase its density&#xd;
(hot isostatic pressing). In thiswork,we propose subjecting themanufactured component to an additional&#xd;
post-processing treatment involving the application of a high hydrostatic pressure (5000 bar) at room&#xd;
temperature. This post-processing technique, so-called cold isostatic pressing (CIP), is shown to increase&#xd;
the yield load and the maximum carrying capacity of an additively manufactured AISI 316L stainless&#xd;
steel. The mechanical properties, with and without CIP processing, are estimated by means of the&#xd;
small punch test, a suitable experimental technique to assess the mechanical response of small samples.&#xd;
In addition,we investigate the porosity andmicrostructure of thematerial according to the orientations of&#xd;
layer deposition during themanufacturing process. Our observations reveal a homogeneous distribution&#xd;
independent of these orientations, evidencing thus an isotropic behaviour of the material.</subfield>
</datafield>
<datafield tag="024" ind2=" " ind1="8">
<subfield code="a">http://hdl.handle.net/10259/5659</subfield>
</datafield>
<datafield tag="024" ind2=" " ind1="8">
<subfield code="a">10.3390/ma12152495</subfield>
</datafield>
<datafield tag="024" ind2=" " ind1="8">
<subfield code="a">1996-1944</subfield>
</datafield>
<datafield ind1=" " ind2=" " tag="653">
<subfield code="a">cold isostatic pressure</subfield>
</datafield>
<datafield ind1=" " ind2=" " tag="653">
<subfield code="a">metal 3D printing</subfield>
</datafield>
<datafield ind1=" " ind2=" " tag="653">
<subfield code="a">small punch test</subfield>
</datafield>
<datafield ind1=" " ind2=" " tag="653">
<subfield code="a">binder jetting</subfield>
</datafield>
<datafield tag="245" ind1="0" ind2="0">
<subfield code="a">Cold Isostatic pressing to improve the mechanical performance of additively manufactured metallic components</subfield>
</datafield>
</record></metadata></record></GetRecord></OAI-PMH>